003940000a22001450004500020001500000060000800015082001200023100002000035245007300055250000600128260005200134260000900186300000800195650004500203 a8122409717 a100 a301 CHI aChitambar, J.B. aIntroductory rural sociology : a synopsis of concepts and principles a2 aDelhi, New age international pvt ltd publishers c1993 a343 aRural sociology/ rural areas - structure